MARC details
| 000 -CABECERA |
| campo de control de longitud fija |
03495nam a2200325 i 4500 |
| 003 - IDENTIFICADOR DEL NÚMERO DE CONTROL |
| campo de control |
DO-SdBNP |
| 005 - FECHA Y HORA DE LA ÚLTIMA TRANSACCIÓN |
| campo de control |
20250707115348.0 |
| 006 - CÓDIGOS DE INFORMACIÓN DE LONGITUD FIJA--CARACTERÍSTICAS DEL MATERIAL ADICIONAL |
| campo de control de longitud fija |
a||||gr|||| 00| 0 |
| 007 - CAMPO FIJO DE DESCRIPCIÓN FÍSICA--INFORMACIÓN GENERAL |
| campo de control de longitud fija |
ta |
| 008 - DATOS DE LONGITUD FIJA--INFORMACIÓN GENERAL |
| campo de control de longitud fija |
210615e2018 dr ac||g |||| 00| 0dspa d |
| 020 ## - NÚMERO INTERNACIONAL ESTÁNDAR DEL LIBRO |
| Número Internacional Estándar del Libro |
9789945609301 |
| 040 ## - FUENTE DE LA CATALOGACIÓN |
| Centro catalogador/agencia de origen |
DO-SdBNP |
| Lengua de catalogación |
spa |
| Centro/agencia transcriptor |
BNPHU |
| Normas de descripción |
rda |
| 082 #4 - NÚMERO DE LA CLASIFICACIÓN DECIMAL DEWEY |
| Número de edición |
22 |
| Número de documento/Ítem |
M385P |
| 100 1# - ENTRADA PRINCIPAL--NOMBRE DE PERSONA |
| Nombre de persona |
Parra Tió , Yuri María, |
| Fechas asociadas al nombre |
1984 - |
| 9 (RLIN) |
78844 |
| Término indicativo de función/relación |
autora |
| 245 10 - MENCIÓN DE TÍTULO |
| Título |
Carmen Natalia Martínez Bonilla : |
| Resto del título |
dictadura, literatura y resistencia / |
| Mención de responsabilidad, etc. |
Yuri Parra ; ilustración, Moisés Kelly Santana ; prólogo, Luisa Navarro |
| 264 ## - PRODUCCIÓN, PUBLICACIÓN, DISTRIBUCIÓN, FABRICACIÓN Y COPYRIGHT |
| Producción, publicación, distribución, fabricación y copyright |
Santo Domingo : |
| Nombre del de productor, editor, distribuidor, fabricante |
Santuario, |
| Fecha de producción, publicación, distribución, fabricación o copyright |
2018 |
| 300 ## - DESCRIPCIÓN FÍSICA |
| Extensión |
156 páginas : |
| Otras características físicas |
ilustraciones, retratos. ; |
| Dimensiones |
23 cm. |
| 336 ## - TIPO DE CONTENIDO |
| Fuente |
rdacontent |
| Término de tipo de contenido |
texto |
| Código de tipo de contenido |
txt |
| 337 ## - TIPO DE MEDIO |
| Fuente |
rdamedia |
| Nombre/término del tipo de medio |
sin mediación |
| Código del tipo de medio |
n |
| 338 ## - TIPO DE SOPORTE |
| Fuente |
rdacarrier |
| Nombre/término del tipo de soporte |
volumen |
| Código del tipo de soporte |
nc |
| 500 ## - NOTA GENERAL |
| Nota general |
Bibliografía y notas al pié de las páginas |
| 504 ## - NOTA DE BIBLIOGRAFÍA, ETC. |
| Nota de bibliografía, etc. |
Bibliografía : páginas 151 - 156 |
| 505 ## - NOTA DE CONTENIDO CON FORMATO |
| Nota de contenido con formato |
Prólogo. |
| Información miscelánea |
Capítulo I. |
| Título |
La dictadura y el papel de las mujeres.-- La República Dominicana, extensión y división territorial.-- Población.-- Economía.-- clases sociales.-- Educación.-- Situación política.-- Dictadura.-- La mujer en la dictadura.-- La mujer y el derecho al sufragio.-- La mujer, la literatura y el reconocimiento social.-- Inserción de Carmen Natalia en el espacio intelectual.- |
| Información miscelánea |
Capítulo II. |
| Título |
Resistencia: el discurso, las expediciones y la agrupación Juventud Democrática.-- Resistencia a la dictadura trujillista.-- La creación artística como lengua de la resistencia a la dictadura.-- El discurso poético.-- El discurso literario a favor del régimen.-- El discurso poético femenino a favor del régimen.-- Posibles influencias en el discurso de Carmen Natalia en contra de la dictadura.-- Procedencia de Carmen Natalia Martínez Bonilla y entorno provinciano.-- Hechos históricos de la dictadura que provocaron la resistencia consciente de los artistas, como Carmen Natalia Martínez Bonilla.-- Características similares de las expediciones.-- La expedición de Mariel (1934).-- La expedición de Cayo Confites (1947).-- La expedición de Luperón (1949).-- La expedición de Maimón, Constanza y Estero Hondo (1959).-- La agrupación Juventud Democrática. Conformación e ideología.-- Órgano de difusión de la Juventud Democrática.-- Carmen Natalia y la participación de las mujeres en la Juventud Democrática.-- La familia de Carmen Natalia antitrujillista, camino al éxito.-- |
| Información miscelánea |
Capítulo II. |
| Título |
Interpretación de la producción literaria de Carmen Natalia.-- Contexto histórico del año 1944. Impacto de la Segunda Guerra Mundial en la región del Caribe.-- Análisis del discurso narrativo de Carmen Natalia Martínez Bonilla.-- Veinte actitudes y una epístola (1945).-- Artículo: "La muerte de Sócrates".-- Artículo: "La victoria de Samotracia".-- Artículo: "La madre".-- Artículo: "La canción de la camisa.-- Artículo: "El hijo pródigo".-- Artículo: "Epístola al abuso ausente".-- Análisis del discurso enunciativo.-- Carta al hermano Ángel.-- Carta al presidente Rafael Leonidas Trujillo Molina.-- Conclusión del análisis documental.-- |
| -- |
Bibliografía. |
| 590 ## - NOTA LOCAL (RLIN) |
| Nota local |
Inventariado, 2024 / MF |
| 600 14 - PUNTO DE ACCESO ADICIONAL DE MATERIA--NOMBRE DE PERSONA |
| Nombre de persona |
Carmen Natalia, |
| Fechas asociadas al nombre |
1917-1976 |
| 9 (RLIN) |
29216 |
| 600 14 - PUNTO DE ACCESO ADICIONAL DE MATERIA--NOMBRE DE PERSONA |
| Nombre de persona |
Parra Tió , Yuri María |
| Fechas asociadas al nombre |
1984 - |
| 9 (RLIN) |
78844 |
| Título de la obra |
Carmen Natalia Martínez Bonilla: Dictadura, literatura y resistencia. |
| 700 10 - PUNTO DE ACCESO ADICIONAL--NOMBRE DE PERSONA |
| Nombre de persona |
Santana , Moisés Kelly, |
| Término indicativo de función/relación |
ilustraciones |
| 9 (RLIN) |
78845 |
| 700 10 - PUNTO DE ACCESO ADICIONAL--NOMBRE DE PERSONA |
| 9 (RLIN) |
50276 |
| Nombre de persona |
Navarro Tavares, Luisa, |
| Término indicativo de función/relación |
prólogo |
| 942 ## - ELEMENTOS DE PUNTO DE ACCESO ADICIONAL (KOHA) |
| Fuente del sistema de clasificación o colocación |
Dewey Decimal Classification |
| Tipo de ítem Koha |
Folleto |